LEADER 01173nam a2200265 i 4500 001 000000139796 003 CaOOAMICUS 005 20060918000000.0 008 060918s1963 it u000 u ita u 013 $a113929 040 $aSeMil$bita 100 1 $aVallese, Giulio.$0(OLS)http://semarc/name/56392 245 14$aUna lettera inedita di Alessandro Manzoni al Fauriel (1. aprile 1817) :$btesto e osservazioni /$cGiulio Vallese. 260 $aNapoli :$bScalabrini,$c1963. 300 $a20 p. ;$c25 cm. 490 0 $aLe parole e le idee ;$v1. 500 $aFondo Ciprandi. 650 4$aManzoni, Alessandro <1785-1873> - Lettere e carteggi - Carteggio con Claude Charles Fauriel.$0(OLS)http://semarc/subject/27476 830 3$aLe parole e le idee ;$v1.$0(OLS)http://semarc/title/21661 850 $aSeMil 852 $aSeMil$W1$xVenegono$y1$m1E I 33$j93186$B93186$CSeMilBibl$Z2$F114455 $81 941 1 $a1 961 $aOmaggio: Ciprandi dott. Paolo 996 $6245$aUna lettera inedita di Alessandro Manzoni al Fauriel (1. aprile 1817) :$btesto e osservazioni$9(OLS)http://semarc/title/204195 996 $6260$aNapoli :$bScalabrini$9(OLS)http://semarc/publisher/34387 LEADER 01693nam a2200313 i 4500 001 000000138820 003 CaOOAMICUS 005 20050511000000.0 008 050511s2005 gw u000 u ger u 013 $a112775 020 $a3-11-018396-X 040 $aSeMil$bita 100 1 $aWoyke, Johannes.$0(OLS)http://semarc/name/56154 245 10$aGötter, Götzen, Götterbilder :$bAspekte einer paulinischen Theologie der Religionen /$cJohannes Woyke. 260 $aBerlin ; New York :$bDe Gruyter,$c2005. 300 $axiv, 570 p. ;$c24 cm. 490 0 $aBeihefte zur Zeitschrift für die neutestamentliche Wissenschaft und die Kunde der älteren Kirche ;$v132 500 $aContiene : Literatur. 650 4$aBibbia. Nuovo Testamento. Lettere di Paolo - Commentari, studi, critica, interpretazioni.$0(OLS)http://semarc/subject/935 650 4$aPaolo - Teologia.$0(OLS)http://semarc/subject/1088 650 4$aPaolo - Demonologia.$0(OLS)http://semarc/subject/27280 650 4$aPaolo - Paganesimo.$0(OLS)http://semarc/subject/27281 830 0$aBeihefte zur Zeitschrift für die neutestamentliche Wissenschaft und die Kunde der älteren Kirche ;$v132.$0(OLS)http://semarc/title/296 850 $aSeMil 852 $aSeMil$W1$xVenegono$y1$m2XA R 132$j253219$B92261$CSeMilBibl$Z2$F97421 $81 961 $aSottoscrizione: De Gruyter 996 $6020$a3-11-018396-X$9(OLS)http://semarc/number/126742 996 $6245$aGötter, Götzen, Götterbilder :$bAspekte einer paulinischen Theologie der Religionen$9(OLS)http://semarc/title/202903 996 $6260$aBerlin ; New York :$bDe Gruyter$9(OLS)http://semarc/publisher/29892